000 00512nam a2200181Ia 4500
008 240925s9999 xx 000 0 und d
020 _a8178082578
082 _a005.133 BRA
100 _aBratko, Ivan
245 0 _aProlog Programming for Artificial Intellignce
250 _a3rd
260 _aNoida:
_bPearson Education Pvt Ltd
_cNA
300 _a1348p.
_bN.A
_fOriginal
500 _aIncludes Index
600 _aComputer Science
650 _aComputer science, information & general works
942 _cBK
999 _c13292
_d13292